Language Quiz

Random Language or French Quiz

French clothing Quiz Stats

 Plays Quiz not verified by Sporcle

Score 0/16 Timer 04:00
0 Plays Today
French word English word % Correct
Un jeanJeans
89.9%
Un pantalonTrousers
88.2%
Un tee-shirtT-shirt
86.9%
Un manteauCoat
86.5%
Un shortShorts
84.5%
Des chaussuresShoes
82.8%
Un pullSweater
79.8%
Des chaussettesSocks
78.8%
French word English word % Correct
Des sandalesSandals
78.8%
Un pyjamaPyjamas
78.5%
Des bottesBoots
73.4%
Un imperméableRaincoat
70%
Un blousonJacket
64.3%
Des tennisTrainers
57.6%
Un maillot (de bain)Bathing suit
53.2%
Un anorakSki jacket
28.6%

You're not logged in!

Compare scores with friends on all Sporcle quizzes.
OR
Log In

Show Comments

Extras

Top Quizzes Today


Score Distribution

Your Account Isn't Verified!

In order to create a playlist on Sporcle, you need to verify the email address you used during registration. Go to your Sporcle Settings to finish the process.

Report this User

Report this user for behavior that violates our Community Guidelines.

Details: